| 000 | 00558nam a2200181 i 4500 | ||
|---|---|---|---|
| 001 | 103885 | ||
| 003 | ES-MaACL | ||
| 005 | 20230906183450.0 | ||
| 007 | t| | ||
| 008 | 051121s1904 ve l |||| | spa d | ||
| 110 | 1 |
_aVenezuela. _97545 |
|
| 245 | 1 | 0 | _aLeyes del Ministerio de Fomento de los Estados Unidos de Venezuela. |
| 260 |
_aCaracas : _b[s.n.], _c1904 ( _fImp. BolĂvar) |
||
| 300 |
_a316 p. ; _c23 cm. |
||
| 650 | 4 |
_aDerecho administrativo- _zVenezuela. _9169346 |
|
| 710 | 1 |
_aVenezuela. _bMinisterio de Fomento. _97548 |
|
| 852 |
_aES-MaACL _jG-13654 |
||
| 999 |
_c103885 _d103885 |
||